Govt. of
Madhya Pradesh

Live Like Kingsize (Record no. 14095)

MARC details
000 -LEADER
fixed length control field 004600000a22001930004500
001 - CONTROL NUMBER
control field 002180
003 - CONTROL NUMBER IDENTIFIER
control field MACL
005 - DATE AND TIME OF LATEST TRANSACTION
control field 20150902130450.0
008 - FIXED-LENGTH DATA ELEMENTS--GENERAL INFORMATION
fixed length control field 150902b xxu||||| |||| 00| 0 eng d
040 ## - CATALOGING SOURCE
Original cataloging agency MACL
Transcribing agency MACL
041 ## - LANGUAGE CODE
Language code of text/sound track or separate title English
082 ## - DEWEY DECIMAL CLASSIFICATION NUMBER
Classification number 808/DOL
100 ## - MAIN ENTRY--PERSONAL NAME
Personal name Dolui, Charles
9 (RLIN) 8540
245 ## - TITLE STATEMENT
Title Live Like Kingsize
Statement of responsibility, etc. Charles Dolui
260 ## - PUBLICATION, DISTRIBUTION, ETC. (IMPRINT)
Place of publication, distribution, etc. Kolkata
Date of publication, distribution, etc. 2005
Name of publisher, distributor, etc. Multi Books,
350 ## - PRICE (NR) (BK AM CF MU VM SE) [OBSOLETE]
Price 70
650 ## - SUBJECT ADDED ENTRY--TOPICAL TERM
Topical term or geographic name as entry element Literature
9 (RLIN) 8541
942 ## - ADDED ENTRY ELEMENTS (KOHA)
Call number prefix 808
Koha item type Books
Source of classification or shelving scheme
Holdings
Withdrawn status Lost status Source of classification or shelving scheme Damaged status Not for loan Home library Current library Date acquired Cost, normal purchase price Total Checkouts Full call number Barcode Date last seen Uniform Resource Identifier Price effective from Koha item type
          MACL MACL 02/09/2015 70.00   808/DOL CRE019455 02/05/2024 13975 15/04/2015 Books